<?xml version="1.0" encoding="UTF-8"?>
<record
    xmlns:xsi="http://www.w3.org/2001/XMLSchema-instance"
    xsi:schemaLocation="http://www.loc.gov/MARC21/slim http://www.loc.gov/standards/marcxml/schema/MARC21slim.xsd"
    xmlns="http://www.loc.gov/MARC21/slim">

  <leader>01628cam a2200265Ii 4500</leader>
  <datafield tag="020" ind1=" " ind2=" ">
    <subfield code="a">0199677859</subfield>
  </datafield>
  <datafield tag="020" ind1=" " ind2=" ">
    <subfield code="a">9780199677856</subfield>
  </datafield>
  <datafield tag="040" ind1=" " ind2=" ">
    <subfield code="c">NLGGC</subfield>
  </datafield>
  <datafield tag="082" ind1="0" ind2="4">
    <subfield code="a">333 OXF 2004 C140 Or.</subfield>
  </datafield>
  <datafield tag="245" ind1="0" ind2="0">
    <subfield code="a">Environment and development economics :</subfield>
    <subfield code="b">essays in honor of Sir Partha Dasgupta /</subfield>
  </datafield>
  <datafield tag="250" ind1=" " ind2=" ">
    <subfield code="a">First edition</subfield>
  </datafield>
  <datafield tag="260" ind1=" " ind2=" ">
    <subfield code="a">Oxford :</subfield>
    <subfield code="b">Oxford University Press,</subfield>
    <subfield code="c">2014</subfield>
  </datafield>
  <datafield tag="300" ind1=" " ind2=" ">
    <subfield code="a">xvi, 411 pages :</subfield>
    <subfield code="b">illustrations ;</subfield>
    <subfield code="c">24 cm</subfield>
  </datafield>
  <datafield tag="500" ind1=" " ind2=" ">
    <subfield code="a">Covertitle: Environment &amp; development economics</subfield>
  </datafield>
  <datafield tag="520" ind1=" " ind2=" ">
    <subfield code="a">This book honours Partha Dasgupta, and the field he helped establish; environment and development economics. It concerns the relationship between social systems (to include families, local communities, national economies, and the world as a whole) and natural systems (critical ecosystems, forests, water resources, mineral deposits, pollution, fisheries, and the Earth's climate). Above all, it concerns the poverty-environment nexus: the complex pathways by which people become or remain poor, and resources become or remain overexploited. With contributions by some of the world's leading economists, including five recipients of the Nobel Prize in Economics, in addition to scholars based in developing countries, this volume offers a unique perspective on the environmental issues that matter most to developing countries. Book jacket</subfield>
  </datafield>
  <datafield tag="650" ind1=" " ind2="0">
    <subfield code="a">Environmental economics</subfield>
  </datafield>
  <datafield tag="650" ind1=" " ind2="0">
    <subfield code="a">Economic development</subfield>
  </datafield>
  <datafield tag="650" ind1=" " ind2="0">
    <subfield code="a">Environmental policy</subfield>
  </datafield>
  <datafield tag="650" ind1=" " ind2="0">
    <subfield code="a">Economics</subfield>
  </datafield>
  <datafield tag="700" ind1="1" ind2=" ">
    <subfield code="a">Barrett, Scott.</subfield>
  </datafield>
  <datafield tag="700" ind1="1" ind2=" ">
    <subfield code="a">M&#xA9;&#xDE;ler, Karl-G&#xA9;&#x153;ran.</subfield>
  </datafield>
  <datafield tag="700" ind1="1" ind2=" ">
    <subfield code="a">Maskin, Eric</subfield>
  </datafield>
  <datafield tag="700" ind1="1" ind2=" ">
    <subfield code="a">Dasgupta, Partha</subfield>
  </datafield>
  <datafield tag="942" ind1=" " ind2=" ">
    <subfield code="c">EK</subfield>
  </datafield>
  <datafield tag="999" ind1=" " ind2=" ">
    <subfield code="c">19211</subfield>
    <subfield code="d">19211</subfield>
  </datafield>
  <datafield tag="952" ind1=" " ind2=" ">
    <subfield code="0">0</subfield>
    <subfield code="1">0</subfield>
    <subfield code="4">0</subfield>
    <subfield code="6">333_000000000000000_OXF_2004_C140_OR_1</subfield>
    <subfield code="7">0</subfield>
    <subfield code="9">84311</subfield>
    <subfield code="a">LBC</subfield>
    <subfield code="b">LBC</subfield>
    <subfield code="c">C140</subfield>
    <subfield code="d">2020-05-15</subfield>
    <subfield code="o">333 OXF 2004 C140 Or.1</subfield>
    <subfield code="p">A39098</subfield>
    <subfield code="r">2020-05-15</subfield>
    <subfield code="y">EK</subfield>
  </datafield>
  <datafield tag="952" ind1=" " ind2=" ">
    <subfield code="0">0</subfield>
    <subfield code="1">0</subfield>
    <subfield code="4">0</subfield>
    <subfield code="6">333_000000000000000_OXF_2005_C140_OR_2</subfield>
    <subfield code="7">0</subfield>
    <subfield code="9">84312</subfield>
    <subfield code="a">LBC</subfield>
    <subfield code="b">LBC</subfield>
    <subfield code="c">C140</subfield>
    <subfield code="d">2020-05-15</subfield>
    <subfield code="o">333 OXF 2005 C140 Or.2</subfield>
    <subfield code="p">A39224</subfield>
    <subfield code="r">2020-05-15</subfield>
    <subfield code="y">EK</subfield>
  </datafield>
  <datafield tag="952" ind1=" " ind2=" ">
    <subfield code="0">0</subfield>
    <subfield code="1">0</subfield>
    <subfield code="4">0</subfield>
    <subfield code="6">333_000000000000000_OXF_2005_C140_OR_3</subfield>
    <subfield code="7">0</subfield>
    <subfield code="9">84313</subfield>
    <subfield code="a">LBC</subfield>
    <subfield code="b">LBC</subfield>
    <subfield code="c">C140</subfield>
    <subfield code="d">2020-05-15</subfield>
    <subfield code="o">333 OXF 2005 C140 Or.3</subfield>
    <subfield code="p">A39258</subfield>
    <subfield code="r">2020-05-15</subfield>
    <subfield code="y">EK</subfield>
  </datafield>
  <datafield tag="952" ind1=" " ind2=" ">
    <subfield code="0">0</subfield>
    <subfield code="1">0</subfield>
    <subfield code="4">0</subfield>
    <subfield code="6">333_000000000000000_OXF_2005_C140_OR_4</subfield>
    <subfield code="7">0</subfield>
    <subfield code="9">84314</subfield>
    <subfield code="a">LBC</subfield>
    <subfield code="b">LBC</subfield>
    <subfield code="c">C140</subfield>
    <subfield code="d">2020-05-15</subfield>
    <subfield code="o">333 OXF 2005 C140 Or.4</subfield>
    <subfield code="p">A38251</subfield>
    <subfield code="r">2020-05-15</subfield>
    <subfield code="y">EK</subfield>
  </datafield>
  <datafield tag="952" ind1=" " ind2=" ">
    <subfield code="0">0</subfield>
    <subfield code="1">0</subfield>
    <subfield code="4">0</subfield>
    <subfield code="6">333_000000000000000_OXF_2005_C140_OR_5</subfield>
    <subfield code="7">0</subfield>
    <subfield code="9">84315</subfield>
    <subfield code="a">LBC</subfield>
    <subfield code="b">LBC</subfield>
    <subfield code="c">C140</subfield>
    <subfield code="d">2020-05-15</subfield>
    <subfield code="o">333 OXF 2005 C140 Or.5</subfield>
    <subfield code="p">A38326</subfield>
    <subfield code="r">2020-05-15</subfield>
    <subfield code="y">EK</subfield>
  </datafield>
  <datafield tag="952" ind1=" " ind2=" ">
    <subfield code="0">0</subfield>
    <subfield code="1">0</subfield>
    <subfield code="4">0</subfield>
    <subfield code="6">333_000000000000000_OXF_2004_C140_OR_6</subfield>
    <subfield code="7">0</subfield>
    <subfield code="9">84316</subfield>
    <subfield code="a">LBC</subfield>
    <subfield code="b">LBC</subfield>
    <subfield code="c">C140</subfield>
    <subfield code="d">2020-05-15</subfield>
    <subfield code="o">333 OXF 2004 C140 Or.6</subfield>
    <subfield code="p">A38823</subfield>
    <subfield code="r">2020-05-15</subfield>
    <subfield code="y">EK</subfield>
  </datafield>
  <datafield tag="952" ind1=" " ind2=" ">
    <subfield code="0">0</subfield>
    <subfield code="1">0</subfield>
    <subfield code="4">0</subfield>
    <subfield code="6">333_000000000000000_OXF_2006_C140_OR_7</subfield>
    <subfield code="7">0</subfield>
    <subfield code="9">84317</subfield>
    <subfield code="a">LBC</subfield>
    <subfield code="b">LBC</subfield>
    <subfield code="c">C140</subfield>
    <subfield code="d">2020-05-15</subfield>
    <subfield code="o">333 OXF 2006 C140 Or.7</subfield>
    <subfield code="p">A38863</subfield>
    <subfield code="r">2020-05-15</subfield>
    <subfield code="y">EK</subfield>
  </datafield>
  <datafield tag="952" ind1=" " ind2=" ">
    <subfield code="0">0</subfield>
    <subfield code="1">0</subfield>
    <subfield code="4">0</subfield>
    <subfield code="6">333_000000000000000_OXF_2002_C140_OR_8</subfield>
    <subfield code="7">0</subfield>
    <subfield code="9">84318</subfield>
    <subfield code="a">LBC</subfield>
    <subfield code="b">LBC</subfield>
    <subfield code="c">C140</subfield>
    <subfield code="d">2020-05-15</subfield>
    <subfield code="o">333 OXF 2002 C140 Or.8</subfield>
    <subfield code="p">A39332</subfield>
    <subfield code="r">2020-05-15</subfield>
    <subfield code="y">EK</subfield>
  </datafield>
  <datafield tag="952" ind1=" " ind2=" ">
    <subfield code="0">0</subfield>
    <subfield code="1">0</subfield>
    <subfield code="4">0</subfield>
    <subfield code="6">333_000000000000000_OXF_2006_C140_OR_9</subfield>
    <subfield code="7">0</subfield>
    <subfield code="9">84319</subfield>
    <subfield code="a">LBC</subfield>
    <subfield code="b">LBC</subfield>
    <subfield code="c">C140</subfield>
    <subfield code="d">2020-05-15</subfield>
    <subfield code="o">333 OXF 2006 C140 Or.9</subfield>
    <subfield code="p">A39306</subfield>
    <subfield code="r">2020-05-15</subfield>
    <subfield code="y">EK</subfield>
  </datafield>
  <datafield tag="952" ind1=" " ind2=" ">
    <subfield code="0">0</subfield>
    <subfield code="1">0</subfield>
    <subfield code="4">0</subfield>
    <subfield code="6">333_000000000000000_OXF_2004_C140_OR_10</subfield>
    <subfield code="7">0</subfield>
    <subfield code="9">84320</subfield>
    <subfield code="a">LBC</subfield>
    <subfield code="b">LBC</subfield>
    <subfield code="c">C140</subfield>
    <subfield code="d">2020-05-15</subfield>
    <subfield code="o">333 OXF 2004 C140 Or.10</subfield>
    <subfield code="p">A38898</subfield>
    <subfield code="r">2020-05-15</subfield>
    <subfield code="y">EK</subfield>
  </datafield>
  <datafield tag="952" ind1=" " ind2=" ">
    <subfield code="0">0</subfield>
    <subfield code="1">0</subfield>
    <subfield code="4">0</subfield>
    <subfield code="6">333_000000000000000_OXF_2002_C140_OR_11</subfield>
    <subfield code="7">0</subfield>
    <subfield code="9">84321</subfield>
    <subfield code="a">LBC</subfield>
    <subfield code="b">LBC</subfield>
    <subfield code="c">C140</subfield>
    <subfield code="d">2020-05-15</subfield>
    <subfield code="o">333 OXF 2002 C140 Or.11</subfield>
    <subfield code="p">A38854</subfield>
    <subfield code="r">2020-05-15</subfield>
    <subfield code="y">EK</subfield>
  </datafield>
  <datafield tag="952" ind1=" " ind2=" ">
    <subfield code="0">0</subfield>
    <subfield code="1">0</subfield>
    <subfield code="4">0</subfield>
    <subfield code="6">333_000000000000000_OXF_2003_C140_OR_12</subfield>
    <subfield code="7">0</subfield>
    <subfield code="9">84322</subfield>
    <subfield code="a">LBC</subfield>
    <subfield code="b">LBC</subfield>
    <subfield code="c">C140</subfield>
    <subfield code="d">2020-05-15</subfield>
    <subfield code="o">333 OXF 2003 C140 Or.12</subfield>
    <subfield code="p">A39577</subfield>
    <subfield code="r">2020-05-15</subfield>
    <subfield code="y">EK</subfield>
  </datafield>
  <datafield tag="952" ind1=" " ind2=" ">
    <subfield code="0">0</subfield>
    <subfield code="1">0</subfield>
    <subfield code="4">0</subfield>
    <subfield code="6">333_000000000000000_OXF_2003_C140_OR_13</subfield>
    <subfield code="7">0</subfield>
    <subfield code="9">84323</subfield>
    <subfield code="a">LBC</subfield>
    <subfield code="b">LBC</subfield>
    <subfield code="c">C140</subfield>
    <subfield code="d">2020-05-15</subfield>
    <subfield code="o">333 OXF 2003 C140 Or.13</subfield>
    <subfield code="p">A39572</subfield>
    <subfield code="r">2020-05-15</subfield>
    <subfield code="y">EK</subfield>
  </datafield>
  <datafield tag="952" ind1=" " ind2=" ">
    <subfield code="0">0</subfield>
    <subfield code="1">0</subfield>
    <subfield code="4">0</subfield>
    <subfield code="6">333_000000000000000_OXF_2004_C140_OR_14</subfield>
    <subfield code="7">0</subfield>
    <subfield code="9">84324</subfield>
    <subfield code="a">LBC</subfield>
    <subfield code="b">LBC</subfield>
    <subfield code="c">C140</subfield>
    <subfield code="d">2020-05-15</subfield>
    <subfield code="o">333 OXF 2004 C140 Or.14</subfield>
    <subfield code="p">A39582</subfield>
    <subfield code="r">2020-05-15</subfield>
    <subfield code="y">EK</subfield>
  </datafield>
  <datafield tag="952" ind1=" " ind2=" ">
    <subfield code="0">0</subfield>
    <subfield code="1">0</subfield>
    <subfield code="4">0</subfield>
    <subfield code="6">333_000000000000000_OXF_2004_C140_OR_15</subfield>
    <subfield code="7">0</subfield>
    <subfield code="9">84325</subfield>
    <subfield code="a">LBC</subfield>
    <subfield code="b">LBC</subfield>
    <subfield code="c">C140</subfield>
    <subfield code="d">2020-05-15</subfield>
    <subfield code="o">333 OXF 2004 C140 Or.15</subfield>
    <subfield code="p">A39169</subfield>
    <subfield code="r">2020-05-15</subfield>
    <subfield code="y">EK</subfield>
  </datafield>
</record>
